| 000 | 00814nam a22002537a 4500 | ||
|---|---|---|---|
| 001 | 32568 | ||
| 003 | AR-RoBPED | ||
| 005 | 20260414131525.0 | ||
| 008 | 260413s1970 sp ||||er|||| 001 1 spa d | ||
| 040 | _aAR-RoBPED | ||
| 041 | _aspa | ||
| 100 | 1 |
_aVerne, Julio, _d1828-1905 _96775 |
|
| 245 | 1 | 0 |
_aEscuela de robinsones / _cJulio Verne ; prólogo de Ignacio Aldecoa. |
| 260 |
_aEstella [Navarra] : _bSalvat, _c1969. |
||
| 300 | _a186 p. | ||
| 490 | 0 |
_a(Biblioteca Básica Salvat ; _vn°54) |
|
| 650 | 4 |
_aLITERATURA _9244 |
|
| 650 | 4 |
_aLITERATURA FRANCESA _9393 |
|
| 650 | 4 |
_aNOVELAS DE AVENTURAS _96351 |
|
| 650 | 4 | 4 |
_aLITERATURA JUVENIL _9292 |
| 700 |
_aAldecoa, Ignacio _d1925-1969 _930648 _eprol. |
||
| 942 |
_2udc _cBK _h840-31 _mV 52 _nInv. 42321 _ak. 32568 |
||
| 945 | _assanchez 13/04/26 - cd 14/04/2026 | ||
| 999 |
_c32568 _d32568 |
||